[Event "Gibtelecom Masters 8th"]
[Site "Gibraltar"]
[Date "2010.01.30"]
[Round "5.11"]
[White "Krush, Irina"]
[Black "Halkias, Stelios"]
[Result "1/2-1/2"]
[WhiteElo "2455"]
[BlackElo "2566"]
[PlyCount "203"]
[EventDate "2010.01.26"]
[EventType "swiss"]
[EventRounds "10"]
[EventCountry "GGB"]
[SourceDate "2005.02.07"]

1. d4 Nf6 2. c4 e6 3. Nc3 Bb4 4. Qc2 d5 5. cxd5 exd5 6. Bg5 h6 7. Bh4 g5 8. Bg3
Ne4 9. e3 h5 10. f3 Nxg3 11. hxg3 Qe7 12. Kf2 Be6 13. a3 Bd6 14. Nb5 c6 15Nxd6+ Qxd6 16. Bd3 Nd7 17. Ne2 O-O-O 18. b4 Kb8 19. Qb1 Rde8 20. Qb2 f5 21Rae1 Nb6 22. b5 cxb5 23. Bxb5 Bd7 24. Bd3 Qe7 25. Nc3 Qf6 26. Ne2 Re7 27. f4 h4
28. gxh4 gxf4 29. Nxf4 Rxh4 30. g3 Rh6 31. Qb4 Reh7 32. Rxh6 Rxh6 33. Bf1 Bc6
34. Bg2 Rh8 35. Rh1 Rxh1 36. Bxh1 Qh6 37. Bg2 Qf6 38. Qc5 Qh6 39. Qe7 a6 40Qe5+ Ka7 41. Qxf5 Qd6 42. Qd3 Nc4 43. a4 Nb2 44. Qb3 Nc4 45. Qc3 a5 46. g4 Qe7
47. Nxd5 Qh4+ 48. Kf1 Bxd5 49. Bxd5 Qh3+ 50. Ke2 Qh2+ 51. Kd3 Nb2+ 52. Ke4 Qh1+
53. Kf4 Qxd5 54. Qxb2 Qf7+ 55. Kg3 Qc7+ 56. Kh3 Qh7+ 57. Kg2 Qe4+ 58. Kf2 Qxg4
59. Qb5 Qh4+ 60. Ke2 Qg4+ 61. Kd2 Qg2+ 62. Kc3 b6 63. Qd7+ Kb8 64. d5 Qe4 65Qd6+ Kb7 66. Qc6+ Ka7 67. Kd2 Qb4+ 68. Kd3 Qb1+ 69. Kd4 Qa1+ 70. Ke4 Qh1+ 71Ke5 Qh2+ 72. Ke6 Qh3+ 73. Kd6 Qxe3 74. Kd7 Qh3+ 75. Qe6 Qb3 76. d6 Qxa4+ 77Kd8 Qf4 78. Ke8 Qh2 79. Qf7+ Ka6 80. Qf1+ Ka7 81. Qf6 Qg3 82. d7 Qg8+ 83. Ke7
Qh7+ 84. Qf7 Qh4+ 85. Kd6 Qb4+ 86. Kc7 Qc5+ 87. Kd8 a4 88. Qe7 Qd5 89. Kc7 Qc4+
90. Kd6 Qb4+ 91. Ke6 Qe4+ 92. Kf7 Qh7+ 93. Ke8 Qg8+ 94. Qf8 Qe6+ 95. Kd8 Qe5
96. Qf3 Kb8 97. Qc6 Qh8+ 98. Ke7 Qg7+ 99. Ke8 Qg8+ 100. Ke7 Qg7+ 101. Ke8 Qg8+
102. Ke7 1/2-1/2

[Event "Gibtelecom Masters 8th"]
[Site "Gibraltar"]
[Date "2010.01.30"]
[Round "5.12"]
[White "Lenderman, Alex"]
[Black "Bellon Lopez, Juan Manuel"]
[Result "1-0"]
[WhiteElo "2560"]
[BlackElo "2440"]
[PlyCount "41"]
[EventDate "2010.01.26"]
[EventType "swiss"]
[EventRounds "10"]
[EventCountry "GGB"]
[SourceDate "2005.02.07"]

1. Nf3 d5 2. c4 c6 3. d4 Nf6 4. Nc3 dxc4 5. a4 Bf5 6. Ne5 Nbd7 7. Nxc4 Qc7 8g3 e5 9. dxe5 Nxe5 10. Bf4 Nfd7 11. Bg2 f6 12. O-O O-O-O 13. Rc1 Nc5 14. Qe1
Nb3 15. Nb5 Qb8 16. Qc3 Nxc1 17. Rxc1 Rd7 18. Nxe5 fxe5 19. Bxe5 Bd6 20. Nxd6+
Rxd6 21. Qc5 1-0

[Event "Gibtelecom Masters 8th"]
[Site "Gibraltar"]
[Date "2010.01.30"]
[Round "5.13"]
[White "Battaglini, Gabriel"]
[Black "Lemos, Damian"]
[Result "1-0"]
[WhiteElo "2411"]
[BlackElo "2556"]
[PlyCount "61"]
[EventDate "2010.01.26"]
[EventType "swiss"]
[EventRounds "10"]
[EventCountry "GGB"]
[SourceDate "2005.02.07"]

1. d4 Nf6 2. c4 g6 3. Nc3 Bg7 4. e4 O-O 5. f3 c6 6. Be3 d5 7. cxd5 cxd5 8. e5
Nfd7 9. Nxd5 Qa5+ 10. Nc3 Nc6 11. Bc4 Ndxe5 12. dxe5 Nxe5 13. Be2 Rd8 14. Qb3
Be6 15. Qb5 Qc7 16. Nh3 Bxh3 17. gxh3 Qc8 18. O-O Qxh3 19. Rad1 a6 20. Qxb7 Ng4
21. Bf4 Nf6 22. Rxd8+ Rxd8 23. Rd1 Rf8 24. Qxe7 Qc8 25. Qc7 Qe6 26. Rd8 Ne8 27Qd7 Qb6+ 28. Kf1 Nf6 29. Rxf8+ Bxf8 30. Qc8 Kg7 31. Be5 1-0

[Event "Gibtelecom Masters 8th"]
[Site "Gibraltar"]
[Date "2010.01.30"]
[Round "5.14"]
[White "Hirneise, Tobias"]
[Black "Maze, Sebastien"]
[Result "1/2-1/2"]
[WhiteElo "2421"]
[BlackElo "2554"]
[PlyCount "94"]
[EventDate "2010.01.26"]
[EventType "swiss"]
[EventRounds "10"]
[EventCountry "GGB"]
[SourceDate "2005.02.07"]

1. e4 e5 2. Nf3 Nc6 3. Bb5 Nf6 4. O-O Nxe4 5. Qe2 Nd6 6. Bxc6 dxc6 7. Qxe5+ Qe7
8. Qa5 Qd8 9. Qe5+ Qe7 10. Qa5 Qd7 11. d3 Be7 12. Re1 O-O 13. Bg5 Bxg5 14. Qxg5
f6 15. Qf4 Qg4 16. Qxg4 Bxg4 17. Nbd2 c5 18. Re7 Rf7 19. Rae1 Kf8 20. R7e2 Rd7
21. h3 Bh5 22. Ne4 Nxe4 23. Rxe4 Bg6 24. R4e2 a5 25. a4 Re8 26. Nd2 Rxe2 27Rxe2 b6 28. Nc4 Bf7 29. b3 Rd4 30. Kf1 h5 31. Re3 Be8 32. Re1 Bc6 33. Re6 Bd7
34. Re3 Bc6 35. Re6 Bb7 36. Re3 Kf7 37. Re1 g5 38. Ne3 Bc8 39. Nc4 h4 40. Re2
Rd7 41. Re3 Re7 42. Ke2 Bb7 43. f3 Rxe3+ 44. Kxe3 Ke6 45. Na3 f5 46. Nb5 Kd7
47. Kf2 Bc6 1/2-1/2

[Event "Gibtelecom Masters 8th"]
[Site "Gibraltar"]
[Date "2010.01.30"]
[Round "5.15"]
[White "Malakhatko, Vadim"]
[Black "Sarkar, Justin"]
[Result "1-0"]
[WhiteElo "2549"]
[BlackElo "2378"]
[PlyCount "85"]
[EventDate "2010.01.26"]
[EventType "swiss"]
[EventRounds "10"]
[EventCountry "GGB"]
[SourceDate "2005.02.07"]

1. d4 Nf6 2. c4 g6 3. Nc3 d5 4. Nf3 Bg7 5. cxd5 Nxd5 6. e4 Nxc3 7. bxc3 c5 8Be3 Bg4 9. Rb1 Bxf3 10. gxf3 Nc6 11. Rxb7 O-O 12. Bb5 cxd4 13. Bxc6 dxe3 14Rd7 Qa5 15. Bxa8 Qxa2 16. Qe2 Qa1+ 17. Rd1 Qxc3+ 18. Kf1 Rxa8 19. Qxe3 a5 20Rd3 Qb4 21. Kg2 a4 22. Rhd1 a3 23. Rd8+ Rxd8 24. Rxd8+ Bf8 25. Qa7 e5 26. Qc7
Kg7 27. Qxe5+ Kh6 28. Qd5 Qe7 29. Rd7 Qe6 30. Rxf7 Qxd5 31. exd5 Bc5 32. Rf4
Kg5 33. Rc4 Bd6 34. Ra4 Kf5 35. f4 h5 36. h3 h4 37. Kf3 Bc5 38. Ke2 Bd6 39. Kd3
Bc5 40. f3 Bd6 41. Kc2 a2 42. Kb2 a1=B+ 43. Kxa1 1-0

[Event "Gibtelecom Masters 8th"]
[Site "Gibraltar"]
[Date "2010.01.30"]
[Round "5.16"]
[White "Saravanan, Venkat"]
[Black "Cramling, Pia"]
[Result "1/2-1/2"]
[WhiteElo "2356"]
[BlackElo "2528"]
[PlyCount "61"]
[EventDate "2010.01.26"]
[EventType "swiss"]
[EventRounds "10"]
[EventCountry "GGB"]
[SourceDate "2005.02.07"]

1. Nf3 d5 2. d4 Nf6 3. c4 c6 4. e3 Bf5 5. Nc3 e6 6. Nh4 Be4 7. f3 Bg6 8. Qb3
Qc7 9. Bd2 Be7 10. g3 Nbd7 11. cxd5 exd5 12. Nxg6 hxg6 13. e4 dxe4 14. fxe4 Rd8
15. Bc4 O-O 16. e5 Nxe5 17. dxe5 Qxe5+ 18. Be2 b5 19. Bf4 Qc5 20. Rc1 Qb6 21Kf1 Nh5 22. Bxh5 gxh5 23. Ne2 c5 24. Qf3 Qe6 25. Qe3 Qh3+ 26. Kf2 Rfe8 27. Rhd1
Qxh2+ 28. Kf3 Rxd1 29. Rxd1 Qh3 30. Kf2 c4 31. Bd6 1/2-1/2

[Event "Gibtelecom Masters 8th"]
[Site "Gibraltar"]
[Date "2010.01.30"]
[Round "5.17"]
[White "Naumann, Alexander"]
[Black "Zozulia, Anna"]
[Result "1/2-1/2"]
[WhiteElo "2525"]
[BlackElo "2321"]
[PlyCount "81"]
[EventDate "2010.01.26"]
[EventType "swiss"]
[EventRounds "10"]
[EventCountry "GGB"]
[SourceDate "2005.02.07"]

1. c4 g6 2. Nc3 Bg7 3. d4 d6 4. Nf3 Nf6 5. e4 O-O 6. Be2 e5 7. Be3 Nbd7 8. O-Re8 9. d5 Nc5 10. Nd2 a5 11. b3 Nfd7 12. a3 f5 13. f3 b6 14. b4 Nb7 15. Nb3 f4
16. Bf2 g5 17. Na4 Bf8 18. Qc2 Qe7 19. Rfc1 h5 20. c5 axb4 21. axb4 bxc5 22bxc5 Ndxc5 23. Nbxc5 Nxc5 24. Nxc5 Rxa1 25. Rxa1 dxc5 26. h3 Qd6 27. Rc1 c6 28Bxc5 Qxc5+ 29. Qxc5 Bxc5+ 30. Rxc5 cxd5 31. exd5 Bd7 32. Rc7 Rd8 33. Bd3 Kf7
34. Be4 Kf6 35. Rb7 g4 36. Rb6+ Kf7 37. hxg4 hxg4 38. fxg4 Bxg4 39. Rg6 Rg8 40Rh6 Ke7 41. Rb6 1/2-1/2

[Event "Gibtelecom Masters 8th"]
[Site "Gibraltar"]
[Date "2010.01.30"]
[Round "5.18"]
[White "Sedina, Elena"]
[Black "Speelman, Jonathan"]
[Result "0-1"]
[WhiteElo "2335"]
[BlackElo "2535"]
[PlyCount "96"]
[EventDate "2010.01.26"]
[EventType "swiss"]
[EventRounds "10"]
[EventCountry "GGB"]
[SourceDate "2005.02.07"]

1. e4 c6 2. Ne2 g6 3. d4 Bg7 4. c4 d6 5. Nbc3 a6 6. Be3 b5 7. Nc1 Nf6 8. f3 O-9. Nb3 bxc4 10. Bxc4 a5 11. O-O Nfd7 12. Rc1 a4 13. Na1 Qa5 14. Nc2 Nb6 15. Be2
Ba6 16. Na3 N8d7 17. Bxa6 Qxa6 18. Qd2 Rfc8 19. f4 c5 20. dxc5 Nxc5 21. Bd4 Qd3
22. Qxd3 Nxd3 23. Bxg7 Kxg7 24. Rb1 Nxb2 25. Rf3 N2c4 26. Nxc4 Nxc4 27. Rb7 e6
28. Rd3 Kf8 29. h3 Rab8 30. Rxb8 Rxb8 31. Nxa4 Ra8 32. Nc3 Ra3 33. Kf1 f5 34Ke2 fxe4 35. Nxe4 Rxa2+ 36. Kf3 Ke7 37. Rd4 d5 38. Nc5 Rc2 39. Na4 Nd2+ 40. Ke3
Ne4 41. Rb4 Rxg2 42. Rb7+ Kf6 43. Rxh7 Rg3+ 44. Kd4 Rb3 45. Ra7 Ra3 46. Ra8 Nc3
47. Nb6 Ne2+ 48. Kc5 Rxa8 0-1

[Event "Gibtelecom Masters 8th"]
[Site "Gibraltar"]
[Date "2010.01.30"]
[Round "5.19"]
[White "Kantans, Toms"]
[Black "Guliyev, Namig"]
[Result "0-1"]
[WhiteElo "2303"]
[BlackElo "2516"]
[PlyCount "60"]
[EventDate "2010.01.26"]
[EventType "swiss"]
[EventRounds "10"]
[EventCountry "GGB"]
[SourceDate "2005.02.07"]

1. e4 c6 2. d4 d5 3. e5 Bf5 4. Nf3 e6 5. Bd3 Bxd3 6. Qxd3 Qb6 7. O-O Qa6 8. Qd1
Nd7 9. Nc3 c5 10. a4 Rc8 11. Nb5 cxd4 12. Nfxd4 Nxe5 13. Bf4 Ng6 14. Nc7+ Rxc7
15. Bxc7 Bc5 16. Nb5 Nf6 17. h4 O-O 18. h5 Ne7 19. h6 Rc8 20. hxg7 Ng6 21. Qe1
Rxc7 22. Nxc7 Qd6 23. Nb5 Qf4 24. Qc1 Qh4 25. Nd4 Qxd4 26. Qg5 Ne4 27. Qd8+
Kxg7 28. Rad1 Qxb2 29. Rd3 Qe5 30. Rf3 Nd2 0-1

[Event "Gibtelecom Masters 8th"]
[Site "Gibraltar"]
[Date "2010.01.30"]
[Round "5.20"]
[White "Dasaolu, Adeoye"]
[Black "Dzagnidze, Nana"]
[Result "0-1"]
[WhiteElo "2068"]
[BlackElo "2506"]
[PlyCount "64"]
[EventDate "2010.01.26"]
[EventType "swiss"]
[EventRounds "10"]
[EventCountry "GGB"]
[SourceDate "2005.02.07"]

1. d4 Nf6 2. Nf3 e6 3. Bg5 c5 4. c3 h6 5. Bh4 b6 6. e3 Be7 7. Bd3 O-O 8. O-Bb7 9. Nbd2 d6 10. Qe2 Nc6 11. Rfd1 Nh5 12. Bxe7 Qxe7 13. Ba6 Rad8 14. Bxb7
Qxb7 15. e4 Nf4 16. Qe3 Ng6 17. Nf1 f5 18. exf5 exf5 19. d5 Nce5 20. Nxe5 f4
21. Qe4 Nxe5 22. c4 f3 23. Ng3 Qf7 24. Rf1 Rde8 25. Rad1 fxg2 26. Kxg2 Nf3 27Qg4 Re5 28. Kh1 h5 29. Qh3 h4 30. Rd3 hxg3 31. fxg3 Rh5 32. Qg2 Nxh2 0-1

[Event "Gibtelecom Masters 8th"]
[Site "Gibraltar"]
[Date "2010.01.30"]
[Round "5.21"]
[White "Cheparinov, Ivan"]
[Black "Forsaa, Espen"]
[Result "1-0"]
[WhiteElo "2660"]
[BlackElo "2301"]
[PlyCount "71"]
[EventDate "2010.01.26"]
[EventType "swiss"]
[EventRounds "10"]
[EventCountry "GGB"]
[SourceDate "2005.02.07"]

1. e4 c6 2. d4 d5 3. e5 Bf5 4. Nf3 e6 5. Be2 Nd7 6. O-O Bg6 7. Nbd2 Nh6 8. Nb3
Nf5 9. c3 Bh5 10. h3 Bxf3 11. Bxf3 c5 12. Bg4 g6 13. Nxc5 Nxc5 14. dxc5 Bxc5
15. Be2 O-O 16. Bd3 f6 17. Bxf5 gxf5 18. Bf4 fxe5 19. Bxe5 Qg5 20. Qf3 f4 21Rfe1 Rf5 22. Bd4 Bxd4 23. cxd4 Re8 24. Rac1 Qg7 25. Re2 Re7 26. Rce1 Qf6 27Kh1 Kf7 28. Re5 Rxe5 29. Rxe5 Rc7 30. Kh2 Rc4 31. Qh5+ Qg6 32. Qh4 Rxd4 33. Rh5
f3 34. Rxh7+ Kg8 35. Rh8+ Kf7 36. g4 1-0

[Event "Gibtelecom Masters 8th"]
[Site "Gibraltar"]
[Date "2010.01.30"]
[Round "5.22"]
[White "Stefanova, Antoaneta"]
[Black "Videnova, Iva"]
[Result "1-0"]
[WhiteElo "2545"]
[BlackElo "2301"]
[PlyCount "79"]
[EventDate "2010.01.26"]
[EventType "swiss"]
[EventRounds "10"]
[EventCountry "GGB"]
[SourceDate "2005.02.07"]

1. d4 Nf6 2. c4 e6 3. g3 d5 4. Bg2 Be7 5. Nf3 O-O 6. O-O dxc4 7. Qc2 a6 8. a4
Bd7 9. Qxc4 Bc6 10. Bf4 a5 11. Nc3 Na6 12. Rac1 Rc8 13. Rfe1 Bb4 14. Bg5 Qe8
15. Bxf6 gxf6 16. Nh4 Bxg2 17. Nxg2 Qd7 18. Red1 c6 19. e4 b5 20. axb5 Bxc3 21Qxc3 Nb4 22. Qf3 cxb5 23. Rxc8 Qxc8 24. Qxf6 Qc2 25. Qg5+ Kh8 26. Re1 Nd3 27Qf6+ Kg8 28. Ne3 Qd2 29. Rf1 Qe2 30. Qg5+ Kh8 31. Qxb5 Rc8 32. Qd7 Rc1 33. Qxf7
Rxf1+ 34. Nxf1 h5 35. d5 Ne1 36. Ne3 Nf3+ 37. Kg2 Ne1+ 38. Kh3 exd5 39. exd5
Nd3 40. Kh4 1-0

[Event "Gibtelecom Masters 8th"]
[Site "Gibraltar"]
[Date "2010.01.30"]
[Round "5.23"]
[White "Perez Pardo, Juan Carlos"]
[Black "Bhat, Vinay S"]
[Result "0-1"]
[WhiteElo "2297"]
[BlackElo "2540"]
[PlyCount "74"]
[EventDate "2010.01.26"]
[EventType "swiss"]
[EventRounds "10"]
[EventCountry "GGB"]
[SourceDate "2005.02.07"]

1. d4 d5 2. c4 c6 3. Nf3 Nf6 4. e3 e6 5. Nbd2 c5 6. dxc5 Bxc5 7. a3 a5 8. Qc2
O-O 9. Bd3 b6 10. cxd5 exd5 11. b3 Bb7 12. Bb2 Nbd7 13. Bd4 Qe7 14. Qb2 Ne4 15O-O f6 16. Nxe4 dxe4 17. Bc4+ Kh8 18. Bxc5 bxc5 19. Nd2 Ne5 20. a4 f5 21. Be2
f4 22. exf4 Ng6 23. Nc4 Nxf4 24. Ne3 Qg5 25. Kh1 Nd3 26. Bxd3 exd3 27. Rad1
Rad8 28. Qd2 Rfe8 29. f4 Qg6 30. Nc4 h6 31. Ne5 Qh5 32. Rde1 Rd4 33. Re3 Rf8
34. Nxd3 Rfd8 35. Qc3 Ba6 36. Rff3 Bxd3 37. Re5 Be4 0-1

[Event "Gibtelecom Masters 8th"]
[Site "Gibraltar"]
[Date "2010.01.30"]
[Round "5.24"]
[White "Kosteniuk, Alexandra"]
[Black "Stebbings, Anthony J"]
[Result "1-0"]
[WhiteElo "2523"]
[BlackElo "2290"]
[PlyCount "63"]
[EventDate "2010.01.26"]
[EventType "swiss"]
[EventRounds "10"]
[EventCountry "GGB"]
[SourceDate "2005.02.07"]

1. e4 c5 2. Nf3 e6 3. d4 cxd4 4. Nxd4 Nc6 5. Nc3 Qc7 6. Be2 a6 7. O-O Nf6 8Be3 Bb4 9. Na4 O-O 10. Nxc6 bxc6 11. f4 Rb8 12. Bd3 Be7 13. c4 c5 14. Qc2 d6
15. Rad1 Nd7 16. Nc3 g6 17. f5 Bf6 18. Bh6 Re8 19. e5 Bxe5 20. fxg6 f5 21. Bxf5
Nf6 22. gxh7+ Kh8 23. Bg6 Rd8 24. Bf4 d5 25. Qd2 Kg7 26. Qe3 Bxf4 27. Rxf4 d4
28. Qg3 dxc3 29. h8=Q+ Kxh8 30. Rh4+ Kg8 31. Bf7+ Kxf7 32. Qxc7+ 1-0

[Event "Gibtelecom Masters 8th"]
[Site "Gibraltar"]
[Date "2010.01.30"]
[Round "5.25"]
[White "Bindrich, Falko"]
[Black "Nikolaidis, Konstantinos"]
[Result "1-0"]
[WhiteElo "2512"]
[BlackElo "2266"]
[PlyCount "99"]
[EventDate "2010.01.26"]
[EventType "swiss"]
[EventRounds "10"]
[EventCountry "GGB"]
[SourceDate "2005.02.07"]

1. d4 Nf6 2. c4 e6 3. g3 d5 4. Bg2 Be7 5. Nf3 O-O 6. Nbd2 c6 7. O-O b6 8. Qc2
Bb7 9. e4 Nbd7 10. e5 Ne8 11. cxd5 cxd5 12. Re1 Rc8 13. Qa4 Bc6 14. Qb3 b5 15Nf1 a5 16. h4 h6 17. Ne3 a4 18. Qd3 b4 19. Ng4 Qb6 20. Bf4 Bb5 21. Qd2 h5 22Ne3 g6 23. Bg5 Bxg5 24. Nxg5 Bc6 25. g4 Ng7 26. gxh5 gxh5 27. Bh3 Rce8 28. Qd3
f5 29. Kh2 Qb8 30. f4 Bb5 31. Qd2 Ba6 32. Rg1 Nf6 33. exf6 Qxf4+ 34. Kh1 Rxf6
35. Nc4 Qxd2 36. Nxd2 Rc8 37. Rac1 Rff8 38. Rxc8 Bxc8 39. Ndf3 Rd8 40. Ne5 Rd6
41. Rc1 Ba6 42. Bf1 Bxf1 43. Rc8+ Ne8 44. Rxe8+ Kg7 45. Nxe6+ Kf6 46. Nf4 Kg7
47. Nxh5+ Kh7 48. Nf7 Rc6 49. Rh8+ Kg6 50. Ne5# 1-0

[Event "Gibtelecom Masters 8th"]
[Site "Gibraltar"]
[Date "2010.01.30"]
[Round "5.26"]
[White "Duhayon, Yves"]
[Black "Kapnisis, Spyridon"]
[Result "1/2-1/2"]
[WhiteElo "2241"]
[BlackElo "2510"]
[PlyCount "55"]
[EventDate "2010.01.26"]
[EventType "swiss"]
[EventRounds "10"]
[EventCountry "GGB"]
[SourceDate "2005.02.07"]

1. d4 Nf6 2. c4 g6 3. Nc3 Bg7 4. e4 d6 5. Nf3 O-O 6. Be2 e5 7. d5 a5 8. Bg5 Na6
9. Nd2 Qe8 10. O-O Kh8 11. a3 Bd7 12. b4 axb4 13. axb4 Nxb4 14. Qb3 c5 15. dxc6
Nxc6 16. Qxb7 Rb8 17. Qa6 Nh5 18. Bxh5 gxh5 19. Rfb1 Qe6 20. Be3 Nd4 21. Rxb8
Rxb8 22. Rb1 Rg8 23. Nb5 Bxb5 24. cxb5 Bh6 25. b6 d5 26. Qf1 dxe4 27. b7 Nc6
28. Nxe4 1/2-1/2

[Event "Gibtelecom Masters 8th"]
[Site "Gibraltar"]
[Date "2010.01.30"]
[Round "5.27"]
[White "Hoffmann, Michael"]
[Black "Stephan, Axel"]
[Result "1-0"]
[WhiteElo "2508"]
[BlackElo "2252"]
[PlyCount "69"]
[EventDate "2010.01.26"]
[EventType "swiss"]
[EventRounds "10"]
[EventCountry "GGB"]
[SourceDate "2005.02.07"]

1. d4 Nf6 2. c4 g6 3. Nc3 d5 4. cxd5 Nxd5 5. e4 Nxc3 6. bxc3 Bg7 7. Nf3 O-O 8Be2 c5 9. O-O b6 10. Bg5 Bb7 11. Qd3 h6 12. Bh4 Ba6 13. Qe3 Bxe2 14. Qxe2 cxd4
15. cxd4 Nc6 16. Rad1 Qd7 17. d5 Na5 18. e5 e6 19. d6 Rfc8 20. Bg3 Rc5 21. Nd2
Rc2 22. Rc1 Rac8 23. Rxc2 Rxc2 24. Qd3 Rc8 25. h4 h5 26. Re1 Nc6 27. Nf3 Nb8
28. Ng5 Bh6 29. Bf4 Bxg5 30. Bxg5 Qa4 31. Qf3 Qd7 32. Qf6 Kh7 33. Re4 Rg8 34Rf4 Rg7 35. Qe7 1-0

[Event "Gibtelecom Masters 8th"]
[Site "Gibraltar"]
[Date "2010.01.30"]
[Round "5.28"]
[White "Rioseco Pinochet, Fernan"]
[Black "Javakhishvili, Lela"]
[Result "0-1"]
[WhiteElo "2226"]
[BlackElo "2493"]
[PlyCount "56"]
[EventDate "2010.01.26"]
[EventType "swiss"]
[EventRounds "10"]
[EventCountry "GGB"]
[SourceDate "2005.02.07"]

1. d4 Nf6 2. c4 e6 3. Nc3 Bb4 4. e3 O-O 5. Bd3 d5 6. Nf3 c5 7. O-O cxd4 8. exd4
dxc4 9. Bxc4 Bxc3 10. bxc3 Qc7 11. Bd3 Nbd7 12. Re1 b6 13. c4 Bb7 14. Qe2 Qc6
15. Ba3 Rfd8 16. Qc2 Nf8 17. Rad1 Ng6 18. d5 exd5 19. Nd4 Qc8 20. Nf5 dxc4 21Bxc4 Qc6 22. Bxf7+ Kxf7 23. Qb3+ Nd5 24. Rc1 Qd7 25. Nd6+ Kg8 26. Red1 Ngf4 27Rc4 Kh8 28. Qf3 Nc3 0-1

[Event "Gibtelecom Masters 8th"]
[Site "Gibraltar"]
[Date "2010.01.30"]
[Round "5.29"]
[White "Tjolsen, Katrine"]
[Black "Cmilyte, Viktorija"]
[Result "1/2-1/2"]
[WhiteElo "2212"]
[BlackElo "2489"]
[PlyCount "109"]
[EventDate "2010.01.26"]
[EventType "swiss"]
[EventRounds "10"]
[EventCountry "GGB"]
[SourceDate "2005.02.07"]

1. e4 c5 2. Nf3 Nc6 3. d4 cxd4 4. Nxd4 Nf6 5. Nc3 e5 6. Ndb5 d6 7. Bg5 a6 8Na3 b5 9. Bxf6 gxf6 10. Nd5 Bg7 11. Bd3 Ne7 12. Nxe7 Qxe7 13. O-O O-O 14. Qf3
f5 15. exf5 d5 16. Qxd5 Bb7 17. Qb3 e4 18. Rfe1 Qe5 19. c3 Qxf5 20. Bf1 Rad8
21. Rad1 Bd5 22. Qc2 Bc6 23. Qb1 Qc5 24. Nc2 f5 25. Rxd8 Rxd8 26. Rd1 Re8 27Qc1 Qe7 28. Qf4 Qf7 29. Ne3 Bd7 30. Qd6 Be6 31. Nd5 Bf8 32. Qg3+ Kh8 33. Qe5+
Bg7 34. Qd6 Bc8 35. Be2 Be5 36. Qh6 Bg7 37. Qh5 Qxh5 38. Bxh5 Rd8 39. Nf4 Rxd1+
40. Bxd1 Be5 41. g3 Kg7 42. Bb3 Kf6 43. Kf1 a5 44. a3 Bd6 45. Ke1 Ke5 46. Bg8
h6 47. b4 axb4 48. axb4 Bb8 49. Ke2 Ba7 50. Nd5 Bd7 51. Bf7 Bc6 52. Nf4 Bd7 53Bd5 Be8 54. h3 Bb8 55. Bb3 1/2-1/2

[Event "Gibtelecom Masters 8th"]
[Site "Gibraltar"]
[Date "2010.01.30"]
[Round "5.30"]
[White "Arvola, Benjamin"]
[Black "Cori Tello, Jorge"]
[Result "0-1"]
[WhiteElo "2218"]
[BlackElo "2483"]
[PlyCount "126"]
[EventDate "2010.01.26"]
[EventType "swiss"]
[EventRounds "10"]
[EventCountry "GGB"]
[SourceDate "2005.02.07"]

1. e4 e5 2. Nf3 Nc6 3. Bb5 Nf6 4. d3 d6 5. O-O Be7 6. c3 O-O 7. Nbd2 a6 8. Ba4
b5 9. Bc2 Bb7 10. Re1 Re8 11. Nf1 Bf8 12. Ng3 g6 13. Bg5 h6 14. Bd2 Bg7 15. a4
Qd7 16. Qe2 Rab8 17. h3 b4 18. Nh2 Bc8 19. Rec1 a5 20. Bd1 Ba6 21. Ng4 Nxg4 22hxg4 bxc3 23. bxc3 Rb2 24. Rab1 Reb8 25. Rxb2 Rxb2 26. Rc2 Rb8 27. Qf3 Nd8 28Nf1 Ne6 29. Rc1 c6 30. Qh3 Nf4 31. Bxf4 exf4 32. Qf3 c5 33. Nd2 Qe6 34. d4 cxd4
35. cxd4 Bxd4 36. Nb3 Bb6 37. Qxf4 Bb7 38. Nd2 Kg7 39. Bb3 Qf6 40. Qxf6+ Kxf6
41. Rc3 Kg7 42. Rd3 Rd8 43. Bxf7 Kxf7 44. Rb3 Bxf2+ 45. Kxf2 Bc6 46. Rb6 Bxa4
47. Nc4 Bc2 48. Nxd6+ Ke7 49. Nb7 Rd2+ 50. Kf3 a4 51. Nc5 a3 52. Rxg6 Bd1+ 53Kf4 a2 54. Ra6 Rxg2 55. Nd3 Rxg4+ 56. Ke5 Bc2 57. Ra7+ Kd8 58. Nc5 Bb1 59. Kd6
Rg6+ 60. Kd5 Rg1 61. Nb3 Rd1+ 62. Kc4 h5 63. Rh7 Bc2 0-1

[Event "Gibtelecom Masters 8th"]
[Site "Gibraltar"]
[Date "2010.01.30"]
[Round "5.31"]
[White "Arakhamia-Grant, Ketevan"]
[Black "Tozer, Philip"]
[Result "0-1"]
[WhiteElo "2470"]
[BlackElo "2119"]
[PlyCount "68"]
[EventDate "2010.01.26"]
[EventType "swiss"]
[EventRounds "10"]
[EventCountry "GGB"]
[SourceDate "2005.02.07"]

1. e4 e6 2. d4 d5 3. Nc3 Nf6 4. e5 Nfd7 5. f4 c5 6. Nf3 Nc6 7. Be3 cxd4 8. Nxd4
Bc5 9. Qd2 O-O 10. O-O-O a6 11. h4 Nxd4 12. Bxd4 b5 13. h5 b4 14. Na4 Bxd4 15Qxd4 Qa5 16. b3 Bb7 17. Kb1 Bc6 18. Nb2 Rfc8 19. h6 g6 20. g4 Bb5 21. Bd3 Nc5
22. Qf2 Rc6 23. Rhe1 Qc7 24. Qd2 Bxd3 25. cxd3 a5 26. Rc1 Rc8 27. Qe2 Qb6 28Rc2 a4 29. bxa4 b3 30. axb3 Nxb3 31. Rxc6 Rxc6 32. Qe3 d4 33. Qf2 Qb4 34. Rd1
Qa3 0-1

[Event "Gibtelecom Masters 8th"]
[Site "Gibraltar"]
[Date "2010.01.30"]
[Round "5.32"]
[White "Kvisla, Johannes Luangtep"]
[Black "Siebrecht, Sebastian"]
[Result "0-1"]
[WhiteElo "2161"]
[BlackElo "2468"]
[PlyCount "226"]
[EventDate "2010.01.26"]
[EventType "swiss"]
[EventRounds "10"]
[EventCountry "GGB"]
[SourceDate "2005.02.07"]

1. d4 g6 2. c4 Bg7 3. Nc3 c5 4. Nf3 cxd4 5. Nxd4 Nc6 6. Nc2 Bxc3+ 7. bxc3 Qa5
8. Qd3 d6 9. e4 Nf6 10. f3 Nd7 11. Be3 Nde5 12. Qd2 Be6 13. Nb4 Rc8 14. Nd5 Qa3
15. c5 dxc5 16. Bh6 c4 17. Rb1 b6 18. Be2 f6 19. O-O Bxd5 20. Qxd5 Rd8 21. Qb5
Qxc3 22. f4 a6 23. Qxb6 Rb8 24. Qc5 Rxb1 25. Rxb1 Qc2 26. Rf1 Qxe2 27. fxe5
Qxe4 28. exf6 exf6 29. Rd1 Kf7 30. Rd7+ Ne7 31. Rxe7+ Qxe7 32. Qxc4+ Qe6 33Qc7+ Qe7 34. Qc4+ Qe6 35. Qc7+ Ke8 36. Qb8+ Ke7 37. Qb7+ Qd7 38. Qb4+ Qd6 39Qb7+ Ke6 40. Qe4+ Qe5 41. Qc6+ Qd6 42. Qe4+ Kd7 43. Qb7+ Qc7 44. Qd5+ Ke7 45Qe4+ Qe5 46. Qb7+ Kd8 47. Qb6+ Ke8 48. Qc6+ Ke7 49. Qb7+ Kd6 50. Qxa6+ Kc5 51Qa5+ Kc4 52. Qa4+ Kc5 53. Qa5+ Kc4 54. Qa4+ Kd3 55. Qd1+ Ke4 56. Qe2+ Kd4 57Qd1+ Kc5 58. Qc2+ Kd6 59. Qd3+ Kc7 60. Qc4+ Kb6 61. Qb4+ Kc6 62. Qa4+ Qb5 63Qe4+ Qd5 64. Qa4+ Qb5 65. Qe4+ Kd7 66. Qd4+ Kc8 67. h3 Re8 68. Qxf6 Re1+ 69Kh2 Qe5+ 70. Qxe5 Rxe5 71. h4 Kd7 72. a3 Ke6 73. Kg3 Kf5 74. Kf3 Re4 75. g3 Rd4
76. Ke3 Ra4 77. Bf8 Kg4 78. Kf2 Rd4 79. Bb4 Rd3 80. Ke2 Rxg3 81. Kd1 Rg2 82Be7 h6 83. Kc1 Re2 84. Bd8 Kf5 85. a4 Re8 86. Bb6 Re4 87. a5 Rxh4 88. a6 Ra4
89. a7 Ke6 90. Kd2 Kd7 91. Ke2 Kc6 92. Be3 g5 93. Kf3 Kb7 94. Bc5 Rxa7 95. Kg4
Ra6 96. Bf8 Kc7 97. Kh5 Kd7 98. Bg7 Ke7 99. Bc3 Kf7 100. Bb2 Kg8 101. Bc3 Kh7
102. Bd2 Ra2 103. Bc3 Rh2+ 104. Kg4 Kg6 105. Kg3 Ra2 106. Bb4 h5 107. Bc5 Kf5
108. Bb4 Rb2 109. Bc5 h4+ 110. Kh3 g4+ 111. Kxh4 Rb3 112. Be3 Rxe3 113. Kh5
Rh3# 0-1

[Event "Gibtelecom Masters 8th"]
[Site "Gibraltar"]
[Date "2010.01.30"]
[Round "5.33"]
[White "Goodger, Martyn"]
[Black "Boskovic, Drasko"]
[Result "1/2-1/2"]
[WhiteElo "2147"]
[BlackElo "2454"]
[PlyCount "62"]
[EventDate "2010.01.26"]
[EventType "swiss"]
[EventRounds "10"]
[EventCountry "GGB"]
[SourceDate "2005.02.07"]

1. e4 c5 2. c3 d5 3. exd5 Qxd5 4. d4 g6 5. Nf3 Bg7 6. Na3 cxd4 7. Bc4 Qd8 8Qb3 e6 9. Nxd4 Ne7 10. Bg5 a6 11. O-O-O Qa5 12. h4 Nbc6 13. Bxe6 fxe6 14. Nc4
Qc7 15. Nxc6 Nxc6 16. Nd6+ Kf8 17. Rh3 Kg8 18. Ne8 Qe5 19. Rf3 Qc5 20. Nxg7
Kxg7 21. Bf6+ Kg8 22. Qa4 b5 23. Qf4 e5 24. Bxe5 Nxe5 25. Rd8+ Kg7 26. Qf6+ Kh6
27. Qg5+ Kg7 28. Qf6+ Kh6 29. Qf4+ Kg7 30. Qf6+ Kh6 31. Qf4+ Kg7 1/2-1/2